15 najmniejszych państw świata (bez mapy) - Statystyki

Ogólne statystyki
  • Ten quiz został rozwiązany 105 razy
  • Średni wynik to 8 z 15
Statystyki odpowiedzi
Hint Odpowiedź % Poprawnych
0,44km2 watykan
100%
61km2 sanmarino
93%
2,02km2 monako
91%
160km2 liechtenstein
82%
21km2 nauru
59%
316km2 malta
56%
26km2 tuvalu
50%
181km2 wyspy marshalla
50%
345km2 saint vincent
48%
430km2 barbados
47%
440km2 antigua
43%
289km2 malediwy
43%
452km2 seszele
39%
344km2 grenada
37%
261km2 saint kitts and nevis
6%
Nie znaleziono quizów pasujących do podanych kryteriów
Rozkład punktacji
Procent ludzi z każdym wynikiem
Percentyl według liczby udzielonych odpowiedzi
Twoja historia wyników
Nie rozwiązałeś tego quizu